01488nam a22003375 4500001000700000003000700007005001700014008004100031016003100072017005000103020001500153035002100168040003900189080001500228100004000243245016600283260006200449300001800511490007400529505005800603546004900661600002900710650004600739655003000785700003800815830008600853852004800939942002000987999001901007952012401026143672SpMaBN20251003200309.0951004s1982 sp | ||| ||spa 7 abimoBNE199502806282SpMaBN aZ 888-1982bOficina Depósito Legal Zaragoza a8400051580 a(OCoLC)431220024 aSpMaBNbspacSpMaBNerdcdES-MaACL a860-14"15"0 aSerón, Antonio0XX1118926910559410aObras completas del laureado poeta latino aragonés del siglo XVI Antonio Serón, bilbilitano /cedición crítica, bilingüe y anotada por José Guillén aZaragoza :bInstitución "Fernando el Católico",c1982 a2 v. ;c25 cm1 aPublicación núm. 864 de la Institución "Fernando el Católico"0 a1. Elegías y silvas 2. Poesías sueltas y Aragonia aTexto en latín y traducción al español049105594aSerón, Antonio 4aPoesías españolas-yS.XVI-XVII916219 7aPoesías2tgfbne91765391 aGuillén, José, d1913-960769 0aPublicación ... de la Institución Fernando el Católicovn. 864, 8929233871 aES-MaACLbR.104784jL-3804-59148860cDEPO2 2udccMONOGRAFIA c143672d143672 00102udc4070aATENEOMbATENEOMcDEPO2d2008-01-17l0oL-3804-5p1149478r2023-02-23 00:00:00w2023-02-23yMONOGRAFIA